000 00402nam a2200157Ia 4500
008 230711s9999||||xx |||||||||||||| ||und||
041 _aENG
082 _a621
_bSK-I
100 _aSkolnik,Merrill l
245 0 _aIntroduction to radar system
250 _a3rd Ed.
260 _c2004
_aNew Delhi
_bTata McGraw Hill Education Limited
300 _a772
650 _aElectronics Engineering
942 _cBK
999 _c3356
_d3356